| 000 | 00580nam a2200193Ia 4500 | ||
|---|---|---|---|
| 005 | 20250508162441.0 | ||
| 008 | 008 250505s9999 xx 000 0 eng d | ||
| 020 | _a0-391-02705-0 | ||
| 037 | _aTextual | ||
| 040 |
_aFEDL _beng _cFEDL |
||
| 041 |
_aeng _2eng |
||
| 084 |
_a294.5, MIS _qFEDL |
||
| 100 | _aMishra Vibhuti Bhushan | ||
| 245 | 0 | _aFrom the vedas to the Manu - Samhita : A cultural study | |
| 260 |
_aNew Delhi, India _bSterling Publishers Private Limited _c1982 |
||
| 300 | _axvi,185p. | ||
| 942 |
_cTEXL _h294.5, MIS |
||
| 999 |
_c1376623 _d1376623 |
||